header

Co-design approaches to dependable networked control systems (Record no. 163527)

MARC details
000 -LEADER
fixed length control field 01468nam a2200361 a 4500
082 04 - DEWEY DECIMAL CLASSIFICATION NUMBER
Classification number 629.8/3
245 00 - TITLE STATEMENT
Title Co-design approaches to dependable networked control systems
260 ## - PUBLICATION, DISTRIBUTION, ETC. (IMPRINT)
Place of publication London :
Name of publisher ISTE ;
Place of publication Hoboken, N.J. :
Name of publisher Wiley,
Year of publication 2010.
300 ## - PHYSICAL DESCRIPTION
Number of Pages xiv, 314 p. :
Other physical details ill.
650 #0 - SUBJECT ADDED ENTRY--TOPICAL TERM
Topical Term Feedback control systems
Topical Term Feedback control systems
Topical Term Sensor networks
Topical Term Sensor networks
700 1# - ADDED ENTRY--PERSONAL NAME
Personal name Aubrun, Christophe.
Personal name Simon, Daniel,
Personal name Song, Ye-Qiong.
856 40 - ELECTRONIC LOCATION AND ACCESS
Uniform Resource Identifier http://site.ebrary.com/lib/rucke/Doc?id=10671561

No items available.

© 2026 Rongo University
Contact us: librarian | system librarian | Rongo university